[Event "Bayern-chTT (RL Sued-West)"]
[Site "Bayern 2008/09"]
[Date "2009.01.18"]
[Round "5.1"]
[White "Wolfsteiner, Helmut"]
[Black "Schenk, Uwe Dr(64)"]
[Result "1-0"]
[WhiteElo "2255"]
[BlackElo "2150"]
[PlyCount "99"]
[EventDate "2009.03.??"]
[EventType "team-tourn"]
[EventRounds "9"]
[WhiteTeam "Kriegshaber 1"]
[BlackTeam "Sonthofen 1"]

1. Nf3 g6 2. c4 Bg7 3. Nc3 d6 4. g3 e5 5. Bg2 f5 6. O-O Nf6 7. d3 O-O 8. Rb1 a5
9. a3 Nh5 10. Qc2 f4 11. b4 axb4 12. axb4 Bg4 13. b5 Nd7 14. Bb2 Nc5 15. b6 c6
16. Ne4 Nxe4 17. dxe4 Qe7 18. c5 Kh8 19. cxd6 Qxd6 20. Bc3 Rf7 21. Qb2 Re8 22.
Bb4 Qd8 23. Bc5 Rd7 24. Qa1 Nf6 25. Qa4 h6 26. Rfd1 Nxe4 27. Rxd7 Qxd7 28. Qxe4
Bf5 29. Qb4 Bxb1 30. Qxb1 g5 31. Ne1 Qd2 32. Bb4 Qxe2 33. Qg6 Rd8 34. Be4 Kg8
35. Qh7+ Kf7 36. Bg6+ Kf6 37. Bc2 Kf7 38. Bg6+ Kf6 39. Bd3 Rxd3 40. Qxd3 Qa2
41. Qd8+ Kg6 42. Qd3+ Kf7 43. Qd7+ Kg6 44. Qxb7 Qc4 45. Qe7 e4 46. b7 Bd4 47.
Qxe4+ Kg7 48. Qxd4+ Qxd4 49. b8=Q Qe4 50. Qd6 1-0

[Event "Bayern-chTT (RL Sued-West)"]
[Site "Bayern 2008/09"]
[Date "2009.01.18"]
[Round "5.2"]
[White "Pleyer, Felix"]
[Black "Bintakies, Michael"]
[Result "0-1"]
[WhiteElo "1997"]
[BlackElo "2151"]
[PlyCount "98"]
[EventDate "2009.03.??"]
[EventType "team-tourn"]
[EventRounds "9"]
[WhiteTeam "Sonthofen 1"]
[BlackTeam "Kriegshaber 1"]

1. e4 d5 2. exd5 Qxd5 3. Nc3 Qd6 4. d4 Nf6 5. h3 Nc6 6. Nb5 Qd8 7. d5 Nb4 8. c4
c6 9. dxc6 bxc6 10. Qxd8+ Kxd8 11. Na3 e5 12. Bg5 Bc5 13. O-O-O+ Kc7 14. Nc2
Nxc2 15. Kxc2 Ne4 16. Bh4 Bxf2 17. Bd3 Bxh4 18. Bxe4 f5 19. Bf3 e4 20. Be2 Be6
21. Rf1 Rhf8 22. b3 Rad8 23. Rd1 Rxd1 24. Bxd1 Rd8 25. Ne2 Bg5 26. Rf1 Rd2+ 27.
Kb1 f4 28. Nc3 Rxg2 29. h4 Bh6 30. Nxe4 Bf5 31. Re1 Rh2 32. h5 g5 33. hxg6 hxg6
34. Bf3 g5 35. Rh1 Rxh1+ 36. Bxh1 g4 37. Kb2 g3 38. Bg2 Bg7+ 39. Kc1 Bd4 40.
Kd2 Bg4 41. Ng5 a5 42. Kd3 Bf6 43. Nf3 Bf5+ 44. Kd2 Bb1 45. a4 Be4 46. Ke2 Bc2
47. Nd2 Bd4 48. Kf3 Be3 49. Nf1 Bc1 0-1

[Event "Bayern-chTT (RL Sued-West)"]
[Site "Bayern 2008/09"]
[Date "2009.01.18"]
[Round "5.3"]
[White "Hahn, Christoph Dr(70)"]
[Black "Oberhofer, Max"]
[Result "0-1"]
[WhiteElo "2136"]
[BlackElo "1996"]
[PlyCount "146"]
[EventDate "2009.03.??"]
[EventType "team-tourn"]
[EventRounds "9"]
[WhiteTeam "Kriegshaber 1"]
[BlackTeam "Sonthofen 1"]

1. d4 d5 2. Nf3 Nf6 3. e3 e6 4. Bd3 Bd6 5. b3 c5 6. O-O Nc6 7. Bb2 cxd4 8. exd4
Qc7 9. a3 O-O 10. Re1 b6 11. Nbd2 a5 12. Ne5 Ba6 13. c4 Rfd8 14. Rc1 dxc4 15.
Ndxc4 Bb7 16. Re3 b5 17. Nxd6 Qxd6 18. Nxc6 Bxc6 19. Rg3 Ne4 20. Rxc6 Qxc6 21.
Rxg7+ Kxg7 22. d5+ Qc3 23. Bxc3+ Nxc3 24. Qh5 Nxd5 25. Qxh7+ Kf8 26. Bxb5 Rac8
27. h4 Rc5 28. Bc4 Nf6 29. Qh6+ Ke7 30. Qe3 Rd1+ 31. Bf1 Rcc1 32. Qa7+ Kf8 33.
Qa8+ Kg7 34. Qxa5 Rxf1+ 35. Kh2 Nd5 36. Qd2 f6 37. Qe2 Rh1+ 38. Kg3 f5 39. Qxe6
f4+ 40. Kg4 Nf6+ 41. Kf3 Rc3+ 42. Ke2 Rhc1 43. Qf5 Rxb3 44. Qg5+ Kf7 45. Qxf4
Rc2+ 46. Kd1 Rbb2 47. h5 Rxf2 48. Qc7+ Kg8 49. Qd8+ Kg7 50. Qe7+ Kh6 51. Ke1
Nxh5 52. Qd6+ Kh7 53. Qd3+ Kh6 54. Qd6+ Nf6 55. Qe6 Kg6 56. Qc4 Rxg2 57. Qd3+
Kg5 58. Qe3+ Kf5 59. Qf3+ Ke5 60. Qc3+ Ke4 61. Qc4+ Kf3 62. Qc3+ Kg4 63. Qd4+
Kh3 64. Qe3+ Kh2 65. Qf4+ Kh1 66. Qh6+ Kg1 67. Qe3+ Rbf2 68. a4 Ng4 69. Qc5 Ne5
70. Qb6 Nf3+ 71. Kd1 Kh1 72. Qh6+ Nh2 73. Ke1 Rf1# 0-1

[Event "Bayern-chTT (RL Sued-West)"]
[Site "Bayern 2008/09"]
[Date "2009.01.18"]
[Round "5.4"]
[White "Hopfauf, Fridolin"]
[Black "Stoer, Andreas"]
[Result "1/2-1/2"]
[WhiteElo "2084"]
[BlackElo "2122"]
[PlyCount "71"]
[EventDate "2009.03.??"]
[EventType "team-tourn"]
[EventRounds "9"]
[WhiteTeam "Sonthofen 1"]
[BlackTeam "Kriegshaber 1"]

1. e4 e5 2. Nf3 Nc6 3. Bb5 a6 4. Ba4 Nf6 5. d3 d6 6. Nbd2 g6 7. Nf1 Bg7 8. Ng3
O-O 9. c3 b5 10. Bc2 h6 11. Bd2 d5 12. a4 Rb8 13. axb5 axb5 14. O-O Be6 15. Ra6
Qd7 16. Bb3 Rfd8 17. Qc1 Kh7 18. Be3 Bg4 19. Rxc6 Qxc6 20. Nxe5 Qe6 21. d4 h5
22. f3 h4 23. Ne2 Bh5 24. Nf4 Qe8 25. Qe1 b4 26. cxb4 c5 27. Qxh4 cxd4 28. Bxd4
Rxb4 29. Ng4 Nxg4 30. Bxg7 Kxg7 31. fxg4 Rxb3 32. gxh5 dxe4 33. h6+ Kh7 34. Qf6
Qg8 35. Ne6 fxe6 36. Qe7+ 1/2-1/2

[Event "Bayern-chTT (RL Sued-West)"]
[Site "Bayern 2008/09"]
[Date "2009.01.18"]
[Round "5.5"]
[White "Jermann, Frank Dr"]
[Black "Kuhnert, Josef"]
[Result "1/2-1/2"]
[WhiteElo "2088"]
[BlackElo "1963"]
[PlyCount "69"]
[EventDate "2009.03.??"]
[EventType "team-tourn"]
[EventRounds "9"]
[WhiteTeam "Kriegshaber 1"]
[BlackTeam "Sonthofen 1"]

1. c4 e5 2. Nc3 Nf6 3. g3 Bb4 4. Bg2 O-O 5. d3 Nc6 6. Bd2 Re8 7. Nd5 Bxd2+ 8.
Qxd2 a5 9. e3 d6 10. Ne2 Be6 11. Nec3 Nd7 12. O-O Ncb8 13. e4 c6 14. Ne3 Nc5
15. f4 f6 16. f5 Bf7 17. g4 Nbd7 18. Bf3 g5 19. Rad1 Qb6 20. Kg2 Kg7 21. Rh1 h6
22. h4 Rh8 23. Rh3 Rae8 24. Rdh1 Qd8 25. Kg3 Reg8 26. b3 Qc7 27. Kg2 b6 28. Qd1
Qb8 29. Kg3 Qc7 30. Kg2 Qb8 31. Kg3 Qc7 32. R1h2 Qb8 33. Be2 Qc7 34. Qh1 Qb8
35. Qd1 1/2-1/2

[Event "Bayern-chTT (RL Sued-West)"]
[Site "Bayern 2008/09"]
[Date "2009.01.18"]
[Round "5.7"]
[White "Demel, Paul"]
[Black "Aicher, Hans"]
[Result "1-0"]
[WhiteElo "2053"]
[BlackElo "1694"]
[PlyCount "98"]
[EventDate "2009.03.??"]
[EventType "team-tourn"]
[EventRounds "9"]
[WhiteTeam "Kriegshaber 1"]
[BlackTeam "Sonthofen 1"]

1. Nf3 Nf6 2. c4 d6 3. d4 g6 4. Nc3 Bg7 5. e4 O-O 6. Be2 Nbd7 7. O-O c5 8. d5
Re8 9. h3 Nf8 10. Bf4 h6 11. Rb1 Kh7 12. Qd2 e6 13. dxe6 Rxe6 14. e5 Ne8 15.
Nb5 Qe7 16. exd6 Qd7 17. b4 a6 18. bxc5 axb5 19. cxb5 Re4 20. Bd3 Rea4 21. c6
bxc6 22. bxc6 Qa7 23. d7 Nxd7 24. cxd7 Bxd7 25. Be3 Qa5 26. Bxg6+ fxg6 27. Qxd7
Nf6 28. Qc6 Ra6 29. Qb7 Rxa2 30. Rbc1 Qd5 31. Rc7 Qxb7 32. Rxb7 g5 33. Bd4 Rd6
34. Re1 Kg8 35. Rb8+ Kh7 36. Re7 Kg6 37. Rg8 Nxg8 38. Rxg7+ Kf5 39. Rxg8 Ra4
40. Be3 Rd1+ 41. Kh2 Kf6 42. g4 Kf7 43. Rb8 Re4 44. Rb2 Rd5 45. Rd2 Rb5 46. Rd4
Re7 47. h4 Rb2 48. Kg3 Rb5 49. hxg5 hxg5 1-0

[Event "Bayern-chTT (RL Sued-West)"]
[Site "Bayern 2008/09"]
[Date "2009.01.18"]
[Round "5.8"]
[White "Wechs, Julian"]
[Black "Schechter, Dimitri"]
[Result "1/2-1/2"]
[WhiteElo "1475"]
[BlackElo "2082"]
[PlyCount "32"]
[EventDate "2009.03.??"]
[EventType "team-tourn"]
[EventRounds "9"]
[WhiteTeam "Sonthofen 1"]
[BlackTeam "Kriegshaber 1"]

1. Nf3 d5 2. g3 Nf6 3. Bg2 e6 4. O-O Be7 5. d3 O-O 6. Nbd2 c5 7. e4 Nc6 8. Re1
Rb8 9. e5 Nd7 10. Nf1 b5 11. h4 b4 12. N1h2 a5 13. h5 b3 14. c3 Qb6 15. a3 Ba6
16. h6 g6 1/2-1/2

[Event "Bayern-chTT (RL Sued-West)"]
[Site "Bayern 2008/09"]
[Date "2009.01.18"]
[Round "5.1"]
[White "Hoefelsauer, Thomas"]
[Black "Komljenovic, Luka"]
[Result "1/2-1/2"]
[WhiteElo "2065"]
[BlackElo "2205"]
[PlyCount "82"]
[EventDate "2009.03.??"]
[EventType "team-tourn"]
[EventRounds "9"]
[WhiteTeam "München-SuedOst 1"]
[BlackTeam "Unterhaching 1"]

1. e4 c5 2. Nf3 d6 3. d4 cxd4 4. Nxd4 Nf6 5. f3 g6 6. c4 Bg7 7. Nc3 O-O 8. Be3
Nc6 9. Qd2 Bd7 10. Be2 Nxd4 11. Bxd4 Bc6 12. O-O Nd7 13. Be3 a5 14. Rac1 Nc5
15. b3 Qb6 16. Nd5 Bxd5 17. exd5 Rfe8 18. Rfe1 e6 19. dxe6 Rxe6 20. Bf2 Qb4 21.
Qxb4 axb4 22. Rc2 Rae8 23. Kf1 Kf8 24. Rd1 Bc3 25. Rxd6 Rxd6 26. Bxc5 Ke7 27.
f4 b6 28. Bxd6+ Kxd6 29. Bf3 Kc5 30. Re2 Rxe2 31. Kxe2 Kd4 32. g4 h6 33. g5
hxg5 34. fxg5 Ke5 35. Bd5 f6 36. gxf6 Kxf6 37. Kd3 Be5 38. h3 Kf5 39. Bf7 g5
40. Be8 Kf4 41. Bd7 Bf6 1/2-1/2

[Event "Bayern-chTT (RL Sued-West)"]
[Site "Bayern 2008/09"]
[Date "2009.01.18"]
[Round "5.2"]
[White "Dengler, Peter"]
[Black "Bucan, Djordje"]
[Result "1-0"]
[WhiteElo "2246"]
[BlackElo "2089"]
[PlyCount "71"]
[EventDate "2009.03.??"]
[EventType "team-tourn"]
[EventRounds "9"]
[WhiteTeam "Unterhaching 1"]
[BlackTeam "München-SuedOst 1"]

1. e4 c5 2. Nf3 e6 3. d4 cxd4 4. Nxd4 Nc6 5. Nc3 Qc7 6. Be2 Nf6 7. O-O a6 8.
Kh1 Nxd4 9. Qxd4 Bc5 10. Qd3 b5 11. Bg5 Bb7 12. Rad1 Bb4 13. Bxf6 gxf6 14. Qd4
Be7 15. a3 Rg8 16. f3 Rg5 17. f4 Rc5 18. Rf3 O-O-O 19. b4 Rc6 20. Rb1 Kb8 21.
a4 Rc8 22. axb5 Rxc3 23. bxa6 Rxc2 24. axb7 Qxb7 25. Qd1 Qc7 26. Rf1 Qd6 27.
Bd3 R2c3 28. Rf3 Qc7 29. Qa4 Qa7 30. Ba6 Rc1+ 31. Rf1 Rxf1+ 32. Rxf1 Rc6 33.
Ra1 Qd4 34. Bb5 Rd6 35. Qa8+ Kc7 36. Ra7+ 1-0

[Event "Bayern-chTT (RL Sued-West)"]
[Site "Bayern 2008/09"]
[Date "2009.01.18"]
[Round "5.3"]
[White "Bergauz, Avigdor"]
[Black "Schmidt, Gerhard(40)"]
[Result "0-1"]
[WhiteElo "2037"]
[BlackElo "2171"]
[PlyCount "76"]
[EventDate "2009.03.??"]
[EventType "team-tourn"]
[EventRounds "9"]
[WhiteTeam "München-SuedOst 1"]
[BlackTeam "Unterhaching 1"]

1. e4 c5 2. c4 Nc6 3. Nc3 e5 4. g3 d6 5. Bg2 Nd4 6. d3 Be7 7. Nce2 h5 8. Nxd4
cxd4 9. h3 b5 10. b3 h4 11. g4 bxc4 12. bxc4 Qa5+ 13. Bd2 Qa3 14. Qb3 Qc5 15.
f4 Nf6 16. Nf3 Nd7 17. Bb4 Qb6 18. fxe5 dxe5 19. Bxe7 Kxe7 20. Rb1 Rb8 21. Qa3+
Qd6 22. Qxd6+ Kxd6 23. Rxb8 Nxb8 24. Kd2 Nd7 25. Rb1 f6 26. Ne1 Kc7 27. Nc2 Bb7
28. Na3 Bc6 29. Nb5+ Bxb5 30. Rxb5 Rb8 31. Rxb8 Kxb8 32. Bf3 g5 33. Bd1 Nc5 34.
Kc2 Kc7 35. Be2 Kb6 36. a3 Ka5 37. Kb2 Na4+ 38. Ka2 Nc3+ 0-1

[Event "Bayern-chTT (RL Sued-West)"]
[Site "Bayern 2008/09"]
[Date "2009.01.18"]
[Round "5.4"]
[White "Urankar, Hans-Peter"]
[Black "Hittinger, Christian"]
[Result "1-0"]
[WhiteElo "2161"]
[BlackElo "2076"]
[PlyCount "64"]
[EventDate "2009.03.??"]
[EventType "team-tourn"]
[EventRounds "9"]
[WhiteTeam "Unterhaching 1"]
[BlackTeam "München-SuedOst 1"]

1. d4 Nf6 2. Bf4 e6 3. e3 c5 4. c3 Qb6 5. Qb3 Qa5 6. Na3 cxd4 7. Nc4 Qd5 8.
exd4 Nc6 9. Nd6+ Bxd6 10. Qxd5 Nxd5 11. Bxd6 Nde7 12. Bd3 b6 13. b4 Nd8 14. Ne2
Nb7 15. Bg3 d5 16. Kd2 O-O 17. a4 Bd7 18. Rhc1 Nd8 19. a5 Ndc6 20. Bc7 bxa5 21.
b5 Nd8 22. Rxa5 Nb7 23. Ra3 Nc8 24. Rca1 Ncd6 25. Rxa7 Rxa7 26. Rxa7 Bc8 27.
Nc1 f5 28. Nb3 Rf7 29. b6 Ne8 30. Be5 g6 31. Nc5 Nxc5 32. dxc5 Nf6 1-0

[Event "Bayern-chTT (RL Sued-West)"]
[Site "Bayern 2008/09"]
[Date "2009.01.18"]
[Round "5.5"]
[White "Melzner, Lukas"]
[Black "Broschwitz, Martin"]
[Result "1/2-1/2"]
[WhiteElo "1986"]
[BlackElo "2086"]
[PlyCount "43"]
[EventDate "2009.03.??"]
[EventType "team-tourn"]
[EventRounds "9"]
[WhiteTeam "München-SuedOst 1"]
[BlackTeam "Unterhaching 1"]

1. c4 Nf6 2. Nc3 g6 3. g3 Bg7 4. Bg2 c5 5. Nf3 Nc6 6. O-O O-O 7. e3 d6 8. d4
Bf5 9. Re1 Qd7 10. d5 Nb4 11. e4 Bh3 12. a3 Bxg2 13. Kxg2 Na6 14. e5 Ne8 15. e6
fxe6 16. dxe6 Qd8 17. Ng5 Nac7 18. Nf7 Qc8 19. Nd5 Nxd5 20. cxd5 b5 21. Nh6+
Kh8 22. Nf7+ 1/2-1/2

[Event "Bayern-chTT (RL Sued-West)"]
[Site "Bayern 2008/09"]
[Date "2009.01.18"]
[Round "5.6"]
[White "Czap, Bernard"]
[Black "Ehmer, Fabian"]
[Result "1-0"]
[WhiteElo "2061"]
[BlackElo "1953"]
[PlyCount "53"]
[EventDate "2009.03.??"]
[EventType "team-tourn"]
[EventRounds "9"]
[WhiteTeam "Unterhaching 1"]
[BlackTeam "München-SuedOst 1"]

1. e4 c5 2. c3 Nf6 3. e5 Nd5 4. Bc4 e6 5. d4 cxd4 6. Bxd5 exd5 7. Qxd4 Qa5 8.
b4 Qb5 9. Na3 Qc6 10. Nf3 Be7 11. O-O O-O 12. Bg5 Bxg5 13. Nxg5 d6 14. exd6 h6
15. Nf3 Qxd6 16. Nb5 Qd8 17. Nxa7 b6 18. Nxc8 Qxc8 19. Qxd5 Ra3 20. c4 Rd8 21.
Qb5 Rxf3 22. gxf3 Qh3 23. Rfd1 Rc8 24. Qd5 Rc6 25. Kh1 Kh7 26. Rg1 Rf6 27. Rg3
1-0

[Event "Bayern-chTT (RL Sued-West)"]
[Site "Bayern 2008/09"]
[Date "2009.01.18"]
[Round "5.7"]
[White "Hoennekes, Klaus"]
[Black "Demir, Bilal"]
[Result "1/2-1/2"]
[WhiteElo "2024"]
[BlackElo "2063"]
[PlyCount "42"]
[EventDate "2009.03.??"]
[EventType "team-tourn"]
[EventRounds "9"]
[WhiteTeam "München-SuedOst 1"]
[BlackTeam "Unterhaching 1"]

1. e4 e6 2. d4 d5 3. Nc3 Bb4 4. exd5 exd5 5. Bd3 Nc6 6. Nge2 Nge7 7. a3 Bxc3+
8. bxc3 Bf5 9. Rb1 b6 10. Ng3 Bxd3 11. cxd3 O-O 12. O-O Re8 13. Qg4 Qc8 14. Qf3
Qd7 15. Bd2 Nd8 16. Rfe1 Ne6 17. Re5 c6 18. Rbe1 Ng6 19. R5e2 Nef8 20. Nh5 Rxe2
21. Qxe2 Qe6 1/2-1/2

[Event "Bayern-chTT (RL Sued-West)"]
[Site "Bayern 2008/09"]
[Date "2009.01.18"]
[Round "5.8"]
[White "Sann, Michael"]
[Black "Benedde, Guenter"]
[Result "1-0"]
[WhiteElo "2019"]
[BlackElo "1962"]
[PlyCount "91"]
[EventDate "2009.03.??"]
[EventType "team-tourn"]
[EventRounds "9"]
[WhiteTeam "Unterhaching 1"]
[BlackTeam "München-SuedOst 1"]

1. d4 e6 2. c4 d5 3. Nc3 Nf6 4. Bf4 a6 5. e3 dxc4 6. Bxc4 b5 7. Be2 Bb7 8. Bf3
c6 9. Nge2 Nbd7 10. O-O Be7 11. Nc1 Qb6 12. Nd3 Rd8 13. b4 Nd5 14. Nxd5 cxd5
15. Rc1 Bd6 16. Bxd6 Qxd6 17. Nc5 Bc8 18. Nxd7 Bxd7 19. Rc5 O-O 20. Qc2 g6 21.
Rc1 Rc8 22. Qb3 Rc6 23. R1c3 Rfc8 24. g3 Kg7 25. Qb2 Kg8 26. Kg2 h5 27. h4 Qe7
28. e4 dxe4 29. Bxe4 Rxc5 30. dxc5 Bc6 31. Bxc6 Rxc6 32. Rd3 Rc8 33. Qd4 Qb7+
34. Kg1 Rf8 35. a3 Qc6 36. Qd6 Qe4 37. Re3 Qb7 38. Rd3 Qe4 39. Qd4 Qc6 40. Qd7
Qe4 41. c6 Qe1+ 42. Kg2 Qe4+ 43. Kh2 Qc4 44. c7 e5 45. Qd8 Qc2 46. Kg1 1-0

[Event "Bayern-chTT (RL Sued-West)"]
[Site "Bayern 2008/09"]
[Date "2009.01.18"]
[Round "5.1"]
[White "Jussupow, Nadia"]
[Black "Fauth, Dietmar Dr"]
[Result "1-0"]
[WhiteElo "2123"]
[BlackElo "2170"]
[PlyCount "63"]
[EventDate "2009.03.??"]
[EventType "team-tourn"]
[EventRounds "9"]
[WhiteTeam "Krumbach 2"]
[BlackTeam "München-Siemens 1"]

1. d4 Nf6 2. Nf3 e6 3. Bg5 c5 4. e3 b6 5. c4 cxd4 6. exd4 Be7 7. Nc3 O-O 8. Be2
Bb7 9. O-O d5 10. Bxf6 Bxf6 11. cxd5 exd5 12. Ne5 Nd7 13. f4 Be7 14. Bf3 Nf6
15. Re1 Bb4 16. Qa4 Bxc3 17. bxc3 Ne4 18. Bxe4 dxe4 19. Rad1 a6 20. Qb3 Qd6 21.
c4 b5 22. Kh1 f6 23. c5+ Qd5 24. Nd7 Rfe8 25. Nb6 Qxb3 26. axb3 Rab8 27. d5 f5
28. Kg1 Kf7 29. Nd7 Rbc8 30. c6 Ba8 31. Ra1 Bxc6 32. dxc6 1-0

[Event "Bayern-chTT (RL Sued-West)"]
[Site "Bayern 2008/09"]
[Date "2009.01.18"]
[Round "5.2"]
[White "Ruether, Rudolf"]
[Black "Jussupow, Ekaterina"]
[Result "0-1"]
[WhiteElo "2105"]
[BlackElo "2181"]
[PlyCount "84"]
[EventDate "2009.03.??"]
[EventType "team-tourn"]
[EventRounds "9"]
[WhiteTeam "München-Siemens 1"]
[BlackTeam "Krumbach 2"]

1. d4 Nf6 2. c4 e6 3. Nc3 d5 4. Bg5 Be7 5. e3 O-O 6. Nf3 h6 7. Bh4 b6 8. Be2
Bb7 9. O-O Nbd7 10. Rc1 c5 11. a3 Rc8 12. cxd5 Nxd5 13. Bxe7 Qxe7 14. Qa4 cxd4
15. Nxd5 Bxd5 16. Nxd4 Ne5 17. Qb5 Qg5 18. g3 Qg6 19. f3 f5 20. f4 Ng4 21. Qd3
Qh5 22. Bxg4 Qxg4 23. Rfd1 Rc5 24. b4 Rc4 25. Qe2 Rfc8 26. Rxc4 Rxc4 27. Qd2
Qh3 28. e4 fxe4 29. Qe3 Qh5 30. Rc1 e5 31. Rxc4 Qd1+ 32. Kf2 Bxc4 33. Ne2 exf4
34. gxf4 Bd3 35. Nd4 Kh7 36. Kg3 Qa1 37. f5 Qxa3 38. b5 Qd6+ 39. Kg2 Qd5 40. h3
Qe5 41. h4 a5 42. bxa6 Bxa6 0-1

[Event "Bayern-chTT (RL Sued-West)"]
[Site "Bayern 2008/09"]
[Date "2009.01.18"]
[Round "5.3"]
[White "Jussupow, Alexander"]
[Black "Boehm, Uwe(56)"]
[Result "1-0"]
[WhiteElo "2047"]
[BlackElo "2078"]
[PlyCount "120"]
[EventDate "2009.03.??"]
[EventType "team-tourn"]
[EventRounds "9"]
[WhiteTeam "Krumbach 2"]
[BlackTeam "München-Siemens 1"]

1. d4 d5 2. c4 c6 3. e3 Nf6 4. Nf3 e6 5. Nbd2 Nbd7 6. Bd3 Bd6 7. O-O O-O 8. e4
dxe4 9. Nxe4 Nxe4 10. Bxe4 Nf6 11. Bc2 Re8 12. Qd3 g6 13. Bg5 Be7 14. Ne5 Nh5
15. Qf3 Rf8 16. Bh6 Ng7 17. Rad1 Qe8 18. Rfe1 a5 19. Ng4 f5 20. Ne5 Bf6 21. c5
Qe7 22. Nc4 Rd8 23. Nb6 Ra6 24. Bb3 Rxb6 25. cxb6 Bxd4 26. Qe2 Bxb6 27. Rxd8+
Bxd8 28. Bxg7 Kxg7 29. Qe5+ Kg8 30. Bxe6+ Bxe6 31. Qxe6+ Qxe6 32. Rxe6 Kf7 33.
Re2 Be7 34. Kf1 Ke8 35. Rd2 Bc5 36. Ke2 Ke7 37. Kf3 Bd6 38. h3 Bc7 39. b3 Bd6
40. g4 f4 41. Ke4 Ke6 42. f3 h6 43. h4 Bc7 44. Rd1 Bd6 45. Kd4 b6 46. Rc1 Kd7
47. Ke4 b5 48. h5 g5 49. Kf5 c5 50. Kg6 Ke6 51. Kxh6 Kf6 52. Rd1 Be5 53. Rd5
Bd4 54. Rxg5 Ke6 55. Kg6 c4 56. bxc4 bxc4 57. Rxa5 c3 58. Ra8 Bc5 59. Re8+ Kd5
60. h6 Be3 1-0

[Event "Bayern-chTT (RL Sued-West)"]
[Site "Bayern 2008/09"]
[Date "2009.01.18"]
[Round "5.4"]
[White "Markl, Martin"]
[Black "Link, Ulrich Dr"]
[Result "0-1"]
[WhiteElo "2051"]
[BlackElo "2112"]
[PlyCount "104"]
[EventDate "2009.03.??"]
[EventType "team-tourn"]
[EventRounds "9"]
[WhiteTeam "München-Siemens 1"]
[BlackTeam "Krumbach 2"]

1. d4 d5 2. c4 e6 3. Nc3 Be7 4. Nf3 Nf6 5. Bg5 O-O 6. e3 Nbd7 7. Bd3 dxc4 8.
Bxc4 c5 9. O-O a6 10. a4 cxd4 11. exd4 Nb6 12. Bb3 Bd7 13. Ne5 Rc8 14. Re1 Bc6
15. Nxc6 Rxc6 16. a5 Nc4 17. d5 Nxd5 18. Nxd5 Bxg5 19. Bxc4 Rxc4 20. Nb6 Rd4
21. Qf3 Bd2 22. Qxb7 Bxe1 23. Rxe1 Rd1 24. Qe4 Qd2 25. Kf1 Rd8 26. g3 Qxa5 27.
Nc4 Rxe1+ 28. Qxe1 Qb5 29. Qc3 Rc8 30. b3 Rb8 31. Kg2 Qxb3 32. Qd4 Qb7+ 33. Kh3
Qb5 34. Qa7 Qh5+ 35. Kg2 Qd5+ 36. Kh3 Ra8 37. Qc7 Qh5+ 38. Kg2 Qd5+ 39. Kh3 h6
40. Nb6 Qf5+ 41. Kg2 Re8 42. Nc8 Qd5+ 43. Kh3 Qg5 44. Nd6 Rf8 45. Qb6 a5 46. f4
Qh5+ 47. Kg2 Qd5+ 48. Kh3 a4 49. Nb5 Qb3 50. Qa5 Rb8 51. Nd4 Qc4 52. Qa7 Rd8
0-1

[Event "Bayern-chTT (RL Sued-West)"]
[Site "Bayern 2008/09"]
[Date "2009.01.18"]
[Round "5.5"]
[White "Riedel, Lutz"]
[Black "Haizmann, Thomas"]
[Result "0-1"]
[WhiteElo "1981"]
[BlackElo "2125"]
[PlyCount "86"]
[EventDate "2009.03.??"]
[EventType "team-tourn"]
[EventRounds "9"]
[WhiteTeam "Krumbach 2"]
[BlackTeam "München-Siemens 1"]

1. c4 Nf6 2. Nc3 e6 3. g3 d5 4. cxd5 exd5 5. d4 Be7 6. Bg2 O-O 7. Nf3 c6 8. O-O
Nbd7 9. Bg5 Ne4 10. Bd2 Ndf6 11. h3 Bd6 12. Rc1 Re8 13. e3 Bd7 14. Be1 Qe7 15.
Nxe4 Nxe4 16. Nd2 Ng5 17. h4 Ne4 18. Nxe4 dxe4 19. d5 c5 20. Bc3 b5 21. b3 a5
22. Re1 a4 23. Qe2 Ra6 24. Qb2 f6 25. Qb1 f5 26. Bf1 Rea8 27. Qc2 Qf7 28. Qd1
Qg6 29. Re2 f4 30. Rb2 fxe3 31. fxe3 Qxg3+ 32. Rg2 Qxe3+ 33. Kh1 Bf8 34. bxa4
Rh6 35. h5 Rxh5+ 36. Qxh5 Qxc1 37. Bxg7 Qxf1+ 38. Rg1 Qf3+ 39. Qxf3 exf3 40.
Be5+ Kf7 41. Rf1 Rxa4 42. Rxf3+ Ke8 43. Re3 Bf5 0-1

[Event "Bayern-chTT (RL Sued-West)"]
[Site "Bayern 2008/09"]
[Date "2009.01.18"]
[Round "5.6"]
[White "Amelang, Thomas"]
[Black "Maurer, Rainer(63)"]
[Result "1-0"]
[WhiteElo "2068"]
[BlackElo "1911"]
[PlyCount "95"]
[EventDate "2009.03.??"]
[EventType "team-tourn"]
[EventRounds "9"]
[WhiteTeam "München-Siemens 1"]
[BlackTeam "Krumbach 2"]

1. e4 c5 2. Nc3 g6 3. d3 Bg7 4. Be3 d6 5. Qd2 Nc6 6. g3 Nd4 7. Nd1 e5 8. c3 Nc6
9. Bg2 Nge7 10. Bh6 O-O 11. h4 Bxh6 12. Qxh6 Kh8 13. Qd2 Ng8 14. f4 Be6 15. Nf3
exf4 16. gxf4 d5 17. h5 Kg7 18. hxg6 hxg6 19. Ng5 Nf6 20. e5 Nh5 21. Bf3 Rh8
22. Bxh5 Rxh5 23. Rxh5 gxh5 24. Qg2 Bg4 25. Ne6+ fxe6 26. Ne3 Qh4+ 27. Kd2 Qh3
28. Qf2 Rf8 29. Rg1 Nxe5 30. Rg3 Nf3+ 31. Qxf3 Qh2+ 32. Kc1 Kf6 33. Rxg4 Ke7
34. Rg7+ Kd6 35. f5 Qe5 36. Rg6 Kc7 37. Qg3 Qxg3 38. Rxg3 exf5 39. Nxd5+ Kd6
40. Nf4 h4 41. Rh3 Rg8 42. Rxh4 Ke5 43. Ne2 Rg2 44. d4+ cxd4 45. cxd4+ Kf6 46.
Kd1 b5 47. Rh6+ Kg5 48. Rg6+ 1-0

[Event "Bayern-chTT (RL Sued-West)"]
[Site "Bayern 2008/09"]
[Date "2009.01.18"]
[Round "5.7"]
[White "Gulde, Josef(49)"]
[Black "Osthoff, Michael"]
[Result "1/2-1/2"]
[WhiteElo "1862"]
[BlackElo "1936"]
[PlyCount "86"]
[EventDate "2009.03.??"]
[EventType "team-tourn"]
[EventRounds "9"]
[WhiteTeam "Krumbach 2"]
[BlackTeam "München-Siemens 1"]

1. d4 d5 2. c4 e6 3. Nf3 Nf6 4. Bg5 h6 5. Bh4 c6 6. Nc3 dxc4 7. e4 b5 8. e5 g5
9. Nxg5 hxg5 10. Bxg5 Nbd7 11. exf6 Bb7 12. Be2 Qc7 13. g3 O-O-O 14. O-O Bh6
15. f4 Rdg8 16. Qd2 c5 17. Nxb5 Qb6 18. Bxc4 a6 19. dxc5 Qxc5+ 20. Nd4 Kb8 21.
Rac1 Qb6 22. Qf2 Bxg5 23. fxg5 Rxg5 24. Nf3 Qxf2+ 25. Rxf2 Rc5 26. b3 Nxf6 27.
Ne1 Ng4 28. Rxf7 Bd5 29. Nd3 Rxh2 30. Bxd5 Rxc1+ 31. Nxc1 exd5 32. Rg7 Rc2 33.
Rxg4 Rxc1+ 34. Kg2 Rc2+ 35. Kh3 Rxa2 36. Rd4 Rb2 37. Rxd5 Rxb3 38. Kh4 Kc7 39.
g4 Rb8 40. g5 Ra8 41. Ra5 Kd7 42. g6 Ke6 43. Kg5 Ra7 1/2-1/2

[Event "Bayern-chTT (RL Sued-West)"]
[Site "Bayern 2008/09"]
[Date "2009.01.18"]
[Round "5.8"]
[White "Mattes, Heinz Dr"]
[Black "Wiendieck, Joerg"]
[Result "1/2-1/2"]
[WhiteElo "1888"]
[BlackElo "1836"]
[PlyCount "56"]
[EventDate "2009.03.??"]
[EventType "team-tourn"]
[EventRounds "9"]
[WhiteTeam "München-Siemens 1"]
[BlackTeam "Krumbach 2"]

1. d4 Nf6 2. Nf3 g6 3. c4 Bg7 4. Nc3 d5 5. e3 O-O 6. Bd2 Bg4 7. Be2 e6 8. Qb3
dxc4 9. Qxc4 Nbd7 10. O-O c5 11. dxc5 Nxc5 12. Rfd1 Qe7 13. Na4 b6 14. Bb4 Rac8
15. Rac1 Bxf3 16. Bxf3 Nfd7 17. Bb7 Ne5 18. Qb5 Qxb7 19. Nxc5 Qa8 20. Na6 Rfd8
21. h3 Rxc1 22. Rxc1 Nd3 23. Rc7 Nxb4 24. Nxb4 Qe4 25. Nc6 Rd1+ 26. Kh2 h5 27.
Rc8+ Kh7 28. Qg5 Rc1 1/2-1/2